| 000 | 00703nam a2200217 a 4500 | ||
|---|---|---|---|
| 999 |
_c8358 _d8358 |
||
| 001 | 8358 | ||
| 003 | BD-JhCC | ||
| 005 | 20180222111320.0 | ||
| 008 | 180222s2003 bg |||| || | 000 0 ben d | ||
| 035 | _a(BD-JhCC)8358 | ||
| 040 |
_aBD-JhCC _dBD-JhCC |
||
| 041 | _aben | ||
| 082 |
_a539.7 _bRAS 2003 |
||
| 100 | _aরশীদ, এ. এম. হারুন অর | ||
| 245 |
_aআধুনিক নিউক্লীয় পদার্থবিজ্ঞান / _cএ. এম. হারুন অর রশীদ, |
||
| 260 |
_aঢাকা : _bবাংলা একাডেমী, _c2003 |
||
| 300 |
_a380 p. : _c21 cm. |
||
| 650 | _aNuclear Physics | ||
| 942 |
_2ddc _cBK |
||